000 00635nam a2200241 a 4500
001 nice12345678
003 IN_TiNIC
005 20260116012202.0
008 050524s1922 lona grp 000 0 urd
020 _a
_c100
082 0 0 _a225.591439
_bBFS
100 _aBritish & Foreign, Bible Society
245 _aInjil-I-Muqaddas in Roman Urdu.
260 _aLondon
_bBritish and Foreign Bible Society
_c1922
300 _a374p
500 _aincludes index and biblioraphy
505 2 _aappendix
650 _aBible-Urdu-Roman
700 1 _aBritish & Foreign, Bible Society
902 _bSRS
942 _cBK
999 _c5989
_d5989